00489 a2200145 4500001001000000005001700010008004100027245012300068100002000191700002100211700002200232700002100254773005100275999001700326ART_4669420260410162040.0260409a 10aImpacto del Plan Garantizado de Salud con prima comunitaria única en la demanda del seguro privado de salud en Chile1 aBitran, Eduardo1 aDuarte, Fabián1 aFernandes, Dalila1 aVillena, Marcelo0 tRevista Cepalg- Nº 123 (dic. 2017)wREV45125 c34771d34771